01249 a2200265 4500020001500000020001500015035002300030040001300053082001400066245009200080260004400172300002800216500026200244500002000506500012000526650004200646650004900688650004100737650003900778650003900817700002000856710002400876710003000900710005300930 a0860373177 a0860373177 a(UkLWHE)b000161906 aDLCbDLC00a339.4609100aIslamic economic institutions and the elimination of poverty cedited by Munawar Iqbal. aLeicester :bIslamic Foundation,c2002. axxiii, 310 p. ;c21 cm. aConsidered the second of two volumes containing the proceedings of the Fourth International Conference on Islamic Economics and Banking, held at Loughborough University UK, during August 13-15, 2000. The first volume is entitled Islamic banking and finance. aIncludes index. aPublished in association with the Islamic Development Bank and The International Association for Islamic Economics. 0aBanks and bankingzIslamic countries. 0aBanks and bankingxReligious aspectsxIslam. 0aEconomicsxReligious aspectsxIslam. 0aFinancexReligious aspectsxIslam. 0aPovertyxReligious aspectsxIslam.1 aIqbal, Munawar.2 aIslamic Foundation.2 aIslamic Development Bank.2 aInternational Association for Islamic Economics.